| 000 | 00789nam a2200217Ia 4500 | ||
|---|---|---|---|
| 003 | GCL | ||
| 008 | 140319s9999 xx 000 0 ara d | ||
| 040 |
_aGCL / _cGCL |
||
| 082 | 0 | 4 |
_a214 _bع ت |
| 100 | 1 | _aعبدالغنى النابلسى، عبدالغنى بن اسماعيل، 1641-1731 م | |
| 245 | 1 | 0 |
_aتعطير الانام فى تعبيرالمنام / _cعبدالغنى النابلسى، عبدالغنى بن اسماعيل، 1641-1731 م |
| 700 | 1 | _aحنان محمد نور طبارة | |
| 250 | _aالاولى | ||
| 260 |
_aبيروت : _bدار المعرفة ، _c1993 |
||
| 300 |
_a462 ص ؛ _c24 سم |
||
| 490 | _a | ||
| 650 | 0 | 4 | _aالاحلام |
| 650 | 0 | 4 | _aالثقافة الاسلامية |
| 650 | 0 | 4 | _aالاحلام - تفسير |
| 942 |
_2ddc _cBK |
||
| 999 |
_c58417 _d58417 |
||